[Event "Cto mundial FIDE"]
[Site "San Luis"]
[Date "2005.10.03"]
[Round "5"]
[White "Svidler, Peter"]
[Black "Topalov, Veselin"]
[Result "0-1"]
[WhiteElo "2738"]
[BlackElo "2788"]
[Annotator "Rogers, I"]
[PlyCount "88"]
[EventDate "2005.09.??"]
[EventType "tourn"]
[EventRounds "14"]
[EventCountry "ARG"]
[Source "EDAMI"]
[SourceDate "2006.12.20"]

1. e4 c5 2. Nf3 d6 3. d4 cxd4 4. Nxd4 Nf6 5. Nc3 a6 6. Be3 Ng4 7. Bg5 h6 8. Bh4
g5 9. Bg3 Bg7 10. h3 Ne5 11. Nf5 Bxf5 12. exf5 Nbc6 13. Nd5 e6 14. Ne3 Qa5+ 15.
c3 {Cuando Topalov jugó 14...Qa5+, Svidler de pronto se dio cuenta de lo que
podía pasar, pero tras cinco minutos decidió que no iba a quedar peor tras el
sacrificio que sigue y pensó "Si no juego  15.c3 nunca lo sabré" (15.Qd2 sólo
llevaba a un final igualado)} Nf3+ $3 {Una idea no del todo nueva. Cheparinov-
el analista de Topalov- se había enfrentado previamente a ella en dos partidas
de torneos abiertos en España. Desgraciadamente para Svidler, ambas partidas
se jugaron con el cambio en e6 intercalado, lo que implica que al buscar la
posición con ChessBase, se puedan facilmente omitir.} 16. Qxf3 Bxc3+ 17. Kd1
Qa4+ $1 {Con los peones ya cambiados en e6,} (17... Bxb2 18. Rc1 $1 Bxc1 19.
Nc4 $1 {
resultó muy favorable a Cheparinov en una partida del 2004 contra José Ibarra.}
) 18. Nc2 {Las blancas tienen buenas razones para evitar} (18. Kc1 Bxb2+ $1 19.
Kxb2 Qb4+ 20. Kc1 Nd4 21. Qd1 {pues las negras tienen como mínimo jaque
continuo y Svidler se arriesgaba a que Topalov hubiera encontrado en sus
análisis caseros una forma forzada de ganar.}) 18... Bxb2 19. fxe6 fxe6 20. Qb3
Qxb3 21. axb3 Bxa1 22. Nxa1 Ke7 {?Cómo valorar este final?  Puesto que Topalov
eligió meterse en él, es tentador creer que las negras deban tener al menos
ligera ventaja, aparte de la lograda en el reloj.  Sin embargo, el material es
bastante equilibrado y las torres negras tienen pocas casillas de entrada, así
que el poder de los alfiles blancos debe tenerse en cuenta.  Una igualdad
dinámica parece la valoración correcta, pero el tipo de final donde las tablas
son el resultado menos probable de los tres posibles.} 23. Bd3 Rac8 24. Re1 ({
Si} 24. Nc2 Na5 {es molesto.}) 24... Nd4 25. f3 Rc3 26. Kd2 Rhc8 27. Rb1 R3c5
28. b4 {Ya bajo la presión del reloj, Svidler probablemente rechazó} (28. Bf2
Rd5 29. Be4 {debido a} Nxf3+ {. Sin embargo, tras} 30. Ke3 $1 (30. Ke2 $2 Rd2+
31. Kxf3 Rf8+) 30... Rc3+ 31. Ke2 Rd2+ 32. Kf1 {cualquier retirada del caballo
negro permite  33.Be1. Con todo, las negras pueden todavía jugar a ganar con}
Rxf2+ $1 33. Kxf2 Nd2 34. Re1 {y ahora} Nxe4+ $1 (34... Nxb3 35. Nxb3 Rxb3 36.
Bd5 {no ofrece perspectivas de victoria a las negras}) 35. Rxe4 Rc1 36. Re1
Rxe1 37. Kxe1 d5 {
donde los tres peones negros causarán problemas al caballo blanco.}) 28... Rd5
29. Bf2 Kd7 30. Be3 Nf5 31. Bf2 Nh4 $5 {Extremadamente arriesgado, pero
Topalov no es de los que se conforman con la repetición de jugadas cuando
existe una alternativa aceptable.} 32. Bxh4 gxh4 33. Nc2 h5 $2 {Bastante descui
dado. Tras mover cualquier torre a la columna "g" las negras estarían muy bien.
} 34. Re1 $2 {"Yo ví} (34. b5 $1 {" dijo Svidler, "pero pensé que tras} a5 {
, el peón negro podría avanzar."} (34... axb5 35. Ne3 {
seguido de Rb4xh4 es también desagradable.}) {En realidad tras} 35. Ra1 b6 36.
Ra4 $1 {el peón "a" no es peligroso mientras que los negros de la columna "h" 
están en dificultades, así que las negras tendrían que luchar por las tablas.})
34... Rg8 35. Kc3 a5 $1 36. Bc4 $2 {Finalmente Svidler sucumbe bajos los
incansables intentos de Topalov. En los apuros de reloj, hacían falta nervios
de acero para jugar} (36. bxa5 $1 Rxg2 37. Nd4 $1 {pero resulta que tras} Rc5+
38. Kb4 Rb2+ 39. Ka3 {las blancas no tienen nada que temer, pues} Rd2 $2 {
permite} 40. Bb5+ $1 {seguido de 41.Nb3.}) 36... Rc8 $1 37. Ne3 {Si} (37. bxa5
Rdc5 {seguido de 38...d5, gana una pieza, mientras que}) (37. Kb3 $2 a4+ $1 38.
Kxa4 Rxc4 39. Ne3 Re5 $1 {es incluso peor.}) 37... Rb5 $1 38. Kd3 Rxb4 39.
Bxe6+ {Desesperación, pero de todas maneras era imposible parar los peones
ligados en el flanco de dama.} Kxe6 40. Nc2+ Kd5 41. Nxb4+ axb4 42. Re7 (42.
Re4 Rc3+ 43. Kd2 Rc4 {no es mejora para las blancas.}) 42... b5 43. Rh7 Rc3+
44. Kd2 Rc4 $1 {El peón "b" sólo puede detenerse entrando en un final de
peones perdido, por ejemplo:} (44... Rc4 45. Rxh5+ Kc6 46. Rh8 b3 47. Re8 b2
48. Re1 Rc1 49. Rxc1+ bxc1=Q+ 50. Kxc1 d5 {donde los peones blancos están
inmovilizados, pero los del negro ciertamente no.}) 0-1

[Event "WCh-FIDE"]
[Site "San Luis ARG"]
[Date "2005.09.28"]
[Round "1"]
[White "Polgar, Judit"]
[Black "Anand, Viswanathan"]
[Result "0-1"]
[WhiteElo "2735"]
[BlackElo "2788"]
[Annotator "Ubilava, E"]
[PlyCount "82"]
[EventDate "2005.09.28"]
[Source "EDAMI"]
[SourceDate "2006.12.20"]

{Quizás el juego de las blancas se pueda explicar por el nerviosismo de la
primera ronda o por no tener claro si jugar buscando la iniciativa o hacer
tablas contra el máximo favorito de este torneo. Pero aún así me cuesta
explicar el grave error posicional de las blancas cuando deciden jugar 14.Qc2
y arruinan su posición. La partida muestra que no había ninguna idea concreta
detrás de esa jugada, excepto quizás un pensamiento muy superficial de que,
abriendo la columna "g", podían surgir posibilidades tácticas. Pero el astro
indio fue implacable en su réplica, dejando los alfiles blancos sin espacio y
creando poco a poco una iniciativa poderosa en el flanco de dama donde estaba
refugiado el rey adversario. La combinación final de las negras es bonita y
probablemente mereció los aplausos de los aficionados en la sala de juego.} 1.
e4 c6 2. d4 d5 3. Nc3 dxe4 4. Nxe4 Nd7 5. Bd3 Ngf6 6. Nf3 $6 {
Esta jugada permite igualar la partida inmediatamente. Hay que seguir con} (6.
Ng5) 6... Nxe4 7. Bxe4 Nf6 8. Bd3 Bg4 {Anand ha solucionado en seguida uno de
los problemas de esta apertura, su alfil de casillas blancas no tendrá que
sufrir detrás de sus peones.} 9. Be3 e6 10. c3 Bd6 11. h3 Bh5 12. Qe2 $6 {
Polgar debería aceptar que la posición está igualada y enrocarse en corto,
pero Judit claramente se equivoca en la elección de su plan, que consiste en
refugiar el rey en el flaco de dama y buscar la iniciativa en el otro flanco.}
Qa5 $1 13. a4 $6 (13. a3 {es mucho mejor}) 13... O-O 14. Qc2 $2 {Para realizar
su erróneo plan, Judit defiende el peón a4 con la dama y arruina la toda la
posición del flanco de rey.} Bxf3 15. gxf3 Qh5 $1 16. O-O-O Nd5 $1 17. Kb1 ({
en caso de} 17. Rdg1 {las negras pueden jugar} Bf4 {
o seguir con su plan de la partida} (17... f6)) 17... b5 {
Vishy hace lo que exige la posición y ya está dominando a su rival} 18. Rdg1 f6
$1 {Me gusta mucho esta acción que defiende la casilla g5 y deja salida para
su dama. A las blancas solo les queda esperar...} 19. axb5 cxb5 20. Bc1 Rab8
21. Qe2 Rfe8 22. Qe4 Kh8 23. h4 f5 $1 {Anand toma la decisión de trasladar su
dama al otro flanco para reforzar el ataque contra el rey blanco.} 24. Qe2 Qf7
25. Rg2 Bf4 26. Rhg1 Rg8 {Por supuesto no} (26... Bxc1 {por} 27. Rxg7) 27. Be3
Qd7 28. Qd2 Bd6 29. Bc2 Qb7 30. Bg5 $2 {
Esta jugada pierde de manera forzada, aunque} ({
las negras mantienen mejor posición después de} 30. Qd3 b4 31. c4 b3 32. Bd1
Nf4 33. Bxf4 Bxf4) 30... b4 31. c4 b3 32. Bd3 Bb4 $1 33. Qe2 Qa6 34. Bh6 {
La última esperanza de Polgar. Pierde} (34. cxd5 Qa2+ 35. Kc1 Rbc8+ 36. Kd1
Qa1+) 34... Nc3+ $1 35. bxc3 Bxc3 36. Kc1 Qa3+ 37. Kd1 Qa1+ 38. Bc1 b2 39. Qe3
Bxd4 40. Qd2 bxc1=Q+ 41. Qxc1 Qa2 0-1

[Event "WCh-FIDE"]
[Site "San Luis ARG"]
[Date "2005.10.10"]
[Round "11"]
[White "Adams, Michael"]
[Black "Topalov, Veselin"]
[Result "1/2-1/2"]
[WhiteElo "2719"]
[BlackElo "2788"]
[Annotator "Ubilava, E"]
[PlyCount "89"]
[EventDate "2005.09.28"]
[Source "EDAMI"]
[SourceDate "2006.12.20"]

1. e4 c5 2. Nf3 d6 3. d4 cxd4 4. Nxd4 Nf6 5. Nc3 a6 6. Be2 e6 7. O-O Be7 8. a4
Nc6 9. Be3 O-O 10. f4 Qc7 11. Kh1 Re8 12. Bf3 Bf8 13. Nb3 b6 14. e5 {Con este a
vance tiene lugar una larga variante teórica que es conocida desde hace varios
años y ha sido empleada en una decena de partidas.} dxe5 15. fxe5 Nd7 16. Bxc6
Qxc6 17. Nd4 Qb7 18. Qh5 g6 19. Qh4 Nxe5 20. Ne4 Be7 21. Ng5 Bxg5 22. Bxg5 f5
23. Rae1 Qd5 ({También se ha jugado en varias partidas la secuencia} 23... Nf7
24. Bf6 Bd7) 24. Ne2 {En una partida disputada este año en el Open de Capelle
la Grande las blancas jugaron 24.Rd1 pero terminaron perdiendo con facilidad.}
Nf7 25. Nf4 Qc6 26. Nh5 Nxg5 ({
era innecesario y peligroso aceptar el sacrificio} 26... gxh5 {por} 27. Bf6 {
y las blancas tienen, cuando mínimo, perpetuo en muchas variantes.}) 27. Nf6+
Kf7 28. Nxe8 Bb7 29. Nd6+ Qxd6 30. Qxg5 Rc8 31. Rf2 Rc4 {Para aquellos que
analizan con el ordenador, cabe notar que Fritz evalúa la posición como clara
ventaja de las blancas, pero la posición negra es muy dinámica y en realidad
los chances son aproximados. En la conferencia de prensa posterior, ambos
rivales fueron de la opinión de que había sido una partida muy correcta.} 32.
Qh6 Kg8 33. Rd2 Bd5 34. b3 Rc3 35. Qh4 Qc5 36. Rxe6 Bxe6 37. Qf6 Bd5 38. Qd8+
Kg7 39. Rxd5 Qf2 40. Rd7+ Kh6 41. Qf8+ Kg5 42. Qe7+ Kf4 43. Qd6+ Kg5 44. Qe7+
Kf4 45. Qd6+ 1/2-1/2

[Event "WCh-FIDE"]
[Site "San Luis ARG"]
[Date "2005.10.10"]
[Round "11"]
[White "Anand, Viswanathan"]
[Black "Kasimdzhanov, Rustam"]
[Result "1-0"]
[WhiteElo "2788"]
[BlackElo "2670"]
[Annotator "Rodríguez, Am"]
[PlyCount "57"]
[EventDate "2005.09.28"]
[Source "EDAMI"]
[SourceDate "2006.12.20"]

1. e4 c5 2. Nf3 d6 3. d4 cxd4 4. Nxd4 Nf6 5. Nc3 a6 6. f3 e5 7. Nb3 Be6 8. Be3
Nbd7 9. Qd2 b5 10. O-O-O Nb6 11. Qf2 Nc4 12. Bxc4 bxc4 13. Na5 {La novedad que
empleó Bologan contra Gelfand en el reciente Campeonato de España por Equipos.
Aparentemente Kasim no conocía la partida ó no se había preparado
adecuadamente para este esquema, porque ahora comenzó a dar signos visibles de
disconformidad con su posición. Estuvo 10-15 minutos moviéndose de un lado
hacia otro en su silla y luego que pudo concentrarse, pensó durante otros 15
minutos antes de responder.} Rc8 {Gelfand había jugado 13...Nd7. Anand declaró
después de la partida que había analizado la posición, que se había preparado
bien, pero que sin embargo la jugada 13...Rc8 no la había anticipado. La idea
de esta jugada es obvia, evitar que las blancas jueguen Nc6-b4-d5} 14. Bb6 Qd7
15. g3 g6 $6 {Una jugada que tomó a muchos por sorpresa, en lugar de la
esperada y natural 15...Be7} 16. Rd2 {Si el alfil sale ahora por g7 las
blancas doblarán torres contra el peón negro en d6, por ello las negras buscan
escaramuzas a través de la diagonal c1-h6} Bh6 17. f4 {
Ahora parecía un buen momento para enrocar, pero las negras continuaron con}
Ng4 {y la partida entró en fase de enormes complicaciones} (17... O-O) 18. Qf3
Rb8 ({era posible regresar con} 18... Nf6 {
pero esto seguramente no entraba en los planes al llevar el caballo a g4}) 19.
h3 {Anand entra de lleno en las líneas más complejas} ({Contra} 19. Bc5 {
podía seguir} exf4 20. gxf4 Ne5 {con idea de dar un jaque en d3 y después
poder capturar con el peón al alfil en c5.}) 19... Nf6 $2 {Con esta retirada
las negras se anotan un autogol y ponen fin a su resistencia. TAmbién mala era}
(19... Nh2 $5 20. Qf2 Nf3 {a la cual las blancas quizás replicarían} 21. Nd5 {
con interesantes posibilidades por delante para ambos jugadores.}) (19... Rxb6
$2 {por} 20. hxg4 Bxg4 21. Qe3 {
ganando pieza. La única para mantenerse luchando era}) 20. Bc5 $1 {Las blancas
toman el control definitivo de la partida y lo que sigue es una pura masacre.}
exf4 21. gxf4 Rc8 22. Bxd6 Qd8 23. Bb4 Qb6 24. a3 Nh5 25. Kb1 Bxf4 26. Nd5 Bxd5
27. Rxd5 Bb8 28. Rhd1 c3 29. Rd7 1-0

[Event "Hoogeveen Open"]
[Site "?"]
[Date "2005.10.22"]
[Round "2"]
[White "Wells, Peter Kenneth"]
[Black "Habu, Yoshiharu"]
[Result "0-1"]
[WhiteElo "2513"]
[BlackElo "2341"]
[Annotator "Rogers, I"]
[PlyCount "56"]
[EventDate "2005.10.??"]
[EventType "swiss"]
[EventRounds "9"]
[EventCountry "NED"]
[Source "EDAMI"]
[SourceDate "2006.12.20"]

1. d4 d5 2. c4 c6 3. Nf3 Nf6 4. Nc3 e6 5. e3 Nbd7 6. Bd3 dxc4 7. Bxc4 b5 8. Be2
b4 9. Na4 Bd6 {#} 10. e4 $5 {Wells es un experto en la Semi-Eslava y su
sacrificio de peón para explotar la inusual colocación del alfil en d6 (que
generalmente sale por e7 en la línea con  8.Be2) parece lógico.
Desgraciadamente la novedad de Wells tiene la fatalidad de ser aparentemente
refutada en su primera aparición.} Nxe4 $1 11. Qc2 f5 $1 (11... Ndf6 12. Bd3 {
sería bueno para las blancas.}) 12. Ng5 $1 Nxg5 13. Qxc6 {
La clave de la idea iniciada por la jugada décima de Wells, pero} (13. Bxg5
Qxg5 14. Qxc6 {era mucho más segura y aproximadamente equilibrada.}) 13... Ne4
$3 14. Qxa8 O-O 15. Qc6 Ndf6 16. f3 $6 {
Sucumbiendo a la tentación de ganar más material. Después de} (16. O-O Bd7 {
las negras tienen una fuerte iniciativa, y los análisis post-mortem de Habu
con Sutovsky (quien quedó tan impresionado con esta partida que estuvo durante
45 minutos analizándola con el vencedor) no pudieron encontrar ninguna línea
completamente satisfactoria para las blancas.  No obstante, ésta era mejor que
la continuación de la partida, tras la que los acontecimientos se desarrollan
de manera forzada.}) 16... Bd7 17. Qa6 Bxa4 $3 {Esta fue la jugada que más
impresionó a Sutovsky - un movimiento que el israelí afirmó que nunca habría
previsto ni jugado. "?Como se puede pensar en dar tu buen alfil por un caballo
encerrado?" exclamó.} 18. Qxa4 {#} Bxh2 $3 {La clave escondida tras la jugada
previa de Habu, y descrita por algunos observadores como del estilo de una
verdadera jugada de shogi. Frente a la amenaza 18...Bg3+, las blancas deben
capturar el alfil, pero entonces las negras ganan de modo forzado. De hecho,
aquí Habu ya había visto la posición final de mate.} 19. Rxh2 Qxd4 20. fxe4
Nxe4 21. Rh1 {Aunque poseen una torre y una pieza de ventaja, las blancas no
tienen defensa, por ejemplo:} (21. Qa6 Qg1+ 22. Bf1 Qf2+ 23. Kd1 Rd8+ 24. Bd3
Nc5 {ganando la dama e incluso más, o bien}) (21. Qb5 Qg1+ 22. Bf1 Qxh2 23. Qe2
Qg3+ 24. Kd1 b3 $1 25. axb3 (25. Qe3 Rd8+ 26. Ke2 Qd6 {es desesperado.}) 25...
Qxb3+ 26. Ke1 Rd8 $1 {con las amenazas ganadoras de jaque en g3 o b4.}) 21...
Qf2+ 22. Kd1 Rd8+ 23. Kc2 Qxe2+ 24. Kb1 {#} Nc3+ $3 25. bxc3 bxc3 26. Ba3 ({
Contra} 26. Qb3 Qd3+ 27. Qc2 Rb8+ {gana.}) 26... Rb8+ 27. Qb3 Qd3+ $1 28. Kc1
Qd2+ {El peón "c" alcanza la octava fila con mate.  En opinión de este
comentarista, ésta es la mejor partida del año 2005.} 0-1

[Event "Barcelona ESP, Casino Masters 05"]
[Site "Barcelona ESP"]
[Date "2005.10.24"]
[Round "1.1"]
[White "Ivanchuk, Vassily"]
[Black "Felgaer, Ruben"]
[Result "1-0"]
[WhiteElo "2748"]
[BlackElo "2636"]
[Annotator "Ivanchuk, V"]
[PlyCount "75"]
[EventDate "2005.10.24"]
[Source "EDAMI"]
[SourceDate "2006.12.20"]

1. e4 c5 2. Nf3 Nc6 3. d4 cxd4 4. Nxd4 g6 5. Nc3 Bg7 6. Be3 Nf6 7. Bc4 O-O 8.
Bb3 d6 9. f3 Bd7 10. h4 Rc8 11. Qd2 h5 12. O-O-O Ne5 13. Bg5 Rc5 14. f4 Nc4 15.
Qd3 b5 16. e5 Nh7 {Nueva jugada, parece mejor 19...Ng4.} 17. Ndxb5 $1 ({
Es interesante} 17. Ne4 {con idea 17...Rc8 18.Nxd6. Pero tras} Rd5 $1 {sigue}
18. Bxc4 bxc4 19. Qxc4 Qa8 $1 {y no funciona} 20. Bxe7 {por} Rc8 21. Qe2 dxe5
$1 {y la posición de las blancas queda en ruinas}) 17... Nxg5 18. hxg5 Na5 ({
Merecía atención} 18... Bf5 $5 19. Qd4 Qc8 20. Qf2 (20. Nxa7 $2 Qa6 21. Nab5
Rfc8 $40) (20. Bxc4 Rxc4 (20... dxe5 21. Bxf7+ Rxf7 22. Qd8+ Rf8 23. Qxc8 Rfxc8
24. Nxa7 R8c7 $17) 21. Qxa7 dxe5 22. Qxe7 exf4 $36 {con iniciativa}) 20... a6
21. Nd4 {con un juego complejo y posibilidades para ambos bandos.}) 19. Nxd6 $5
({Llevaba a una posición muy compleja} 19. exd6 $5 Nxb3+ 20. axb3 e5 21. Nc7 (
21. b4 e4 22. Qe2 Rxb5 $3 (22... Rf5 23. Nd5 Bxb5 24. Qxb5 Qxd6 25. Qc5 $16)
23. Nxb5 Qb6 24. c4 e3 $1 25. Nc3 Rc8 (25... Qxb4 26. Nd5) 26. Nd5 Qa6 {
y a pesar de su ventaja material, no resulta fácil para las blancasdesenvolvers
e.}) 21... Ra5 $1 (21... exf4 22. Ne4 Bf5 23. Nd5 $1 $16) 22. Kb1 exf4 {
con un juego poco claro}) 19... Nxb3+ 20. axb3 exd6 (20... Bg4 21. Nde4 $16)
21. Qxd6 Rc7 {diagrama} 22. g4 $6 ({
En mis cálculos previos no había visto que después de} 22. Nd5 Rb7 23. Ne7+ (
23. Qa3 Re8 24. Rhe1 Qa8 25. Rd2 a5) 23... Kh7 24. e6 ({. Pero es más fuerte} 
24. g4 $1 Bxg4 25. Qxd8 Rxd8 26. Rxd8 Rxe7 27. c4 {y es difícil para el alfil
entrar en juego. Por eso las posibilidades son iguales}) {
el caballo en "e7" queda colgado} 24... Bxe6 25. Qxd8 Rxd8 26. Rxd8 Rxe7 $1 {
por eso tuve que jugar 22.g4}) 22... Qc8 (22... h4 $2 23. Nd5 $1) 23. f5 $1 {
Probablemente esta ruptura de peones asustó a mi contrincante y por eso perdió
el hilo deljuego} ({no vale} 23. gxh5 gxh5 24. Rxh5 $6 Bg4 $19) 23... Rxc3 $2 (
{La jugada correcta era} 23... gxf5 $1 24. gxh5 Re8 (24... Be6 $2 25. h6 Bh8
26. h7+ Kg7 27. Qb4 Rd8 28. Qh4 $18) 25. g6 Bc6 26. Rhg1 Re6 (26... Bf3 27. Rd2
Bxh5 28. Nd5 $1 {con ataque fuerte, por ejemplo-} Bxe5 29. gxf7+ Kxf7 30. Qh6
Rh8 31. Qg5 $40) 27. gxf7+ (27. Qd4 fxg6 28. Rxg6 Be8 29. Rg5 Kh8 30. Kb1 Bxe5
31. Qb4 $17 {las negras están mejor}) 27... Rxf7 28. Qd3 {y aunque las blancas
tienen algo de juego, no hay una compensación suficiente por la pieza.}) 24.
bxc3 Qxc3 25. Qd4 $1 {Probablemente Felgaer no había visto esta jugada. Ahora
las negras tienen un final difícil} Qxd4 26. Rxd4 Bc6 27. Re1 Re8 $2 ({Es malo
} 27... hxg4 28. f6 Bh8 29. Rxg4 Re8 30. Rc4 Bd5 31. Rd4 Bc6 32. Rd6 $18) ({
Lo correcto era} 27... h4 $1 28. f6 (28. Rd6 Bg2 $1) 28... Bh8 29. e6 $1 (29.
Rd6 Bg2 30. Red1 h3 31. Rd8 Bg7 32. e6 (32. R8d7 Bh8 $1 33. Rd8 Bg7 $11) 32...
fxe6 33. fxg7 Rxd8 34. Rxd8+ Kxg7 35. Rd7+ Kg8 36. Rd8+ {con tablas}) 29...
fxe6 30. Rd2 h3 31. Rh2 Bg2 32. Rxe6 Rd8 33. c4 {En esta posición poco
habitual, las posibilidades de las blancas son mejores, porque los alfiles no
participan en el juego, mientras que los peones pasados de las blancas,
apoyados por su rey, son peligrosos.}) 28. f6 $1 Bf8 29. gxh5 gxh5 30. e6 {
El resto es forzado.} Bc5 31. g6 $1 fxg6 32. f7+ Kf8 33. fxe8=Q+ Bxe8 34. Rd7
Bb6 35. c4 Kg8 36. b4 Bf2 37. Rf1 Bg3 38. Rd8 {
Una partida interesante y con contenido.} 1-0